000
00340nam a2200133Ia 4500
008
220216s9999 xx 000 0 und d
100
_a
Mathew K.J.
245
0
_a
Modernisation best way to survive crisis
260
_b
Rubber Asia
_c
1999
300
_a
28-31
650
_a
Financial crisis
650
_a
Indian rubber industry
942
_c
BS
999
_c
48337
_d
48337